| 000 | 00916nam a22002415i 4500 | ||
|---|---|---|---|
| 001 | 151732 | ||
| 003 | ES-MaACL | ||
| 005 | 20230906204346.0 | ||
| 008 | 051004s1886 fr | |||||||| ||fre d | ||
| 040 |
_aCAM _bspa _cCAM |
||
| 100 | 1 |
_aBeaune, Henri. _9125878 |
|
| 245 | 1 | 3 |
_aLa condition des biens / _cpar Henri Beaune. |
| 250 | _a[Nouvelle éd., rev. et corr.]. | ||
| 260 |
_aParis : _bDelhomme & Briguet : _bLarose & Forcel ; _aLyon : _bDelhomme & Briguet, _c1886 ( _eBar-le-Duc : _fImprimerie et lithographie Comte-Jacquet) |
||
| 300 |
_aII, 616 p. ; _c22 cm. |
||
| 490 | 1 | _aDroit coutumier français | |
| 595 | _aLa mención de ed. tomada de la cub. original. | ||
| 650 | 4 |
_aDerecho consuetudinario- _zFrancia. _9135878 |
|
| 752 |
_aFrancia - _dParís |
||
| 830 | 0 |
_aDroit coutumier français _9221262 |
|
| 852 |
_aES-MaACL _jB-363 _z-- Enc. hol. conservando la cub. original |
||
| 999 |
_c151732 _d151732 |
||